The longest words in history - Statistics

General Stats
  • This quiz has been taken 94 times
  • The average score is 3 of 18
Answers on the Grid
Answers color-coded by a green-red scale on the quiz's grid according to % correct below.
Twee­buffels­met­een­skoot­morsdood­geskiet­fontein
Llanfair­pwllgwyngyll­gogery­chwyrn­drobwll­llan­tysilio­gogo­goch
Char­gogg­a­gogg­man­chaugg­a­gogg­chau­bun­a­gung­a­maugg
Taumata­whakatangihanga­koauau­o­tamatea­turi­pukaka­piki­maunga­horo­nuku­pokai­whenua­ki­tana­tahu
Glashacummeennagashel Stream
Krungthepmahanakhon Amonrattanakosin Mahintharayutthaya Mahadilokphop Noppharatratchathaniburirom Udomratchaniwetmahasathan Amonphimanawatansathit Sakkathattiyawitsanukamprasit
Elektrikləşdirdiklərimizdənsinizmişcəsinə
sunjoseongag-yeondeoghyeondogyeong-insunhuicheseong-eungmyeongheumgwangseoggyeong-gyecheonbaegeug-yung-wondonhyuuihaengsoyunhuihwa-junlyeoldaejungjijeonghonghuncheolmogeonsitaehy-eongchang-unhong-gigomyeongbaghugang-geonsujeong-gyetongsulyeoggong-yubeommun-anmujeong-yeong-gyeongseonghyodaewang
Azpilicuetagaraicosaroyarenberecolarrea
Muvaffakiyetsizleştiricileştiriveremeyebileceklerimizdenmişsinizcesine
Kötü amaçların güdüldüğü bir öğretmen okulundayız. Yetiştirilen öğretmenlere öğrencileri nasıl muvaffakiyetsizleştirecekleri öğretiliyor. Yani öğretmenler birer muvaffakiyetsizleştirici olarak yetiştiriliyorlar. Fakat öğretmenlerden biri muvaffakiyetsizleştirici olmayı, yani muvaffakiyetsizleştiricileştirilmeyi reddediyor, bu konuda ileri geri konuşuyor. Bütün öğretmenleri kolayca muvaffakiyetsizleştiricileştiriverebileceğini sanan okul müdürü bu duruma sinirleniyor, ve söz konusu öğretmeni makamına çağırıp ona diyor ki: Muvaffakiyetsizleştiricileştiriveremeyebileceklerimizdenmişsinizcesine laflar ediyormuşsunuz ha?
Tweedehandse­motor­verkoops­manne­vakbond­stakings­vergadering­sameroepers­toespraak­skrywers­pers­verklaring­uitreikings­media­konferensie­aankondiging
nirantarāndhakārita-digantara-kandaladamanda-sudhārasa-bindu-sāndratara-ghanāghana-vṛnda-sandehakara-syandamāna-makaranda-bindu-bandhuratara-mākanda-taru-kula-talpa-kalpa-mṛdul̥a-sikatā-jāla-jaṭila-mūla-tala-maruvaka-miladalaghu-laghu-laya-kalita-ramaṇīya-pānīya-śālikā-bālikā-karāra-vinda-galantikā-galadelā-lavaṅga-pāṭala-ghanasāra-kastūrikātisaurabha-medura-laghutara-madhura-śītalatara-saliladhārā-nirākariṣṇu-tadīya-vimala-vilocana-mayūkha-rekhāpasārita-pipāsāyāsa-pathika-lokān
nebeprisikiškiakopūstlapiaujančiuosiuose
Donau­dampf­schiffahrts­elektrizitäten­haupt­betriebs­werk­bau­unter­beamten­gesellschaft
Rindfleisch­etikettierungs­überwachungs­aufgaben­übertragungs­gesetz
Lopado­temacho­selacho­galeo­kranio­leipsano­drim­hypo­trimmato­silphio­karabo­melito­katakechy­meno­kichl­epi­kossypho­phatto­perister­alektryon­opte­kephallio­kigklo­peleio­lagoio­siraio­baphe­tragano­pterygon
vaðlaheiðarvegavinnuverkfærageymsluskúraútidyralyklakippuhringur
Auðmannastjórnvaldaembættisstjórnmálaverkalýðsverðlausraverðbréfaábyrgðarlausrakvóta-ræningjaaftaníossaspilling
Spårvagnsaktiebolagsskensmutsskjutarefackföreningspersonalbeklädnadsmagasinsförråd-sförvaltarens
hippopotomonstrosesquippedaliophobie
pneumono­ultra­microscopic­silico­volcano­coni­osis
pinakanakakapagngitngitngitngitang-pagsisinungasinungalingan
miinibaashkiminasiganibiitoosijiganibadagwiingweshiganibakwezhigan
mempertanggungjawabkan
heksakosioiheksekontaheksafobia
Nalunaarasuartaateeraaranngualioqatigiiffissualioriataallaqqissupilorujussuanngortartuinnakasinngortinniamisa alinnguatsiaraluallaqqooqigaminngamiaasiinngooq
lentokonesuihkuturbiinimoottoriapumekaanikkoaliupseerioppilas
kumarreksituteskenteleentuvaisehkollaismaisekkuudellisennesk- enteluttelemattomammuuksissansakaankopahan
Megszentségteleníthetetlenségeskedéseitekért
 
Answer Stats
Answer % Correct
nirantarāndhakārita-digantara-kandaladamanda-sudhārasa-bindu-sāndratara-ghanāghana-vṛnda-sandehakara-syandamāna-makaranda-bindu-bandhuratara-mākanda-taru-kula-talpa-kalpa-mṛdul̥a-sikatā-jāla-jaṭila-mūla-tala-maruvaka-miladalaghu-laghu-laya-kalita-ramaṇīya-pānīya-śālikā-bālikā-karāra-vinda-galantikā-galadelā-lavaṅga-pāṭala-ghanasāra-kastūrikātisaurabha-medura-laghutara-madhura-śītalatara-saliladhārā-nirākariṣṇu-tadīya-vimala-vilocana-mayūkha-rekhāpasārita-pipāsāyāsa-pathika-lokān
65%
Lopado­temacho­selacho­galeo­kranio­leipsano­drim­hypo­trimmato­silphio­karabo­melito­katakechy­meno­kichl­epi­kossypho­phatto­perister­alektryon­opte­kephallio­kigklo­peleio­lagoio­siraio­baphe­tragano­pterygon
40%
Twee­buffels­met­een­skoot­morsdood­geskiet­fontein
30%
Kötü amaçların güdüldüğü bir öğretmen okulundayız. Yetiştirilen öğretmenlere öğrencileri nasıl muvaffakiyetsizleştirecekleri öğretiliyor. Yani öğretmenler birer muvaffakiyetsizleştirici olarak yetiştiriliyorlar. Fakat öğretmenlerden biri muvaffakiyetsizleştirici olmayı, yani muvaffakiyetsizleştiricileştirilmeyi reddediyor, bu konuda ileri geri konuşuyor. Bütün öğretmenleri kolayca muvaffakiyetsizleştiricileştiriverebileceğini sanan okul müdürü bu duruma sinirleniyor, ve söz konusu öğretmeni makamına çağırıp ona diyor ki: Muvaffakiyetsizleştiricileştiriveremeyebileceklerimizdenmişsinizcesine laflar ediyormuşsunuz ha?
20%
Krungthepmahanakhon Amonrattanakosin Mahintharayutthaya Mahadilokphop Noppharatratchathaniburirom Udomratchaniwetmahasathan Amonphimanawatansathit Sakkathattiyawitsanukamprasit
20%
Taumata­whakatangihanga­koauau­o­tamatea­turi­pukaka­piki­maunga­horo­nuku­pokai­whenua­ki­tana­tahu
20%
sunjoseongag-yeondeoghyeondogyeong-insunhuicheseong-eungmyeongheumgwangseoggyeong-gyecheonbaegeug-yung-wondonhyuuihaengsoyunhuihwa-junlyeoldaejungjijeonghonghuncheolmogeonsitaehy-eongchang-unhong-gigomyeongbaghugang-geonsujeong-gyetongsulyeoggong-yubeommun-anmujeong-yeong-gyeongseonghyodaewang
15%
Glashacummeennagashel Stream
10%
Tweedehandse­motor­verkoops­manne­vakbond­stakings­vergadering­sameroepers­toespraak­skrywers­pers­verklaring­uitreikings­media­konferensie­aankondiging
10%
Azpilicuetagaraicosaroyarenberecolarrea
5%
Char­gogg­a­gogg­man­chaugg­a­gogg­chau­bun­a­gung­a­maugg
5%
Elektrikləşdirdiklərimizdənsinizmişcəsinə
5%
Rindfleisch­etikettierungs­überwachungs­aufgaben­übertragungs­gesetz
5%
vaðlaheiðarvegavinnuverkfærageymsluskúraútidyralyklakippuhringur
5%
heksakosioiheksekontaheksafobia
0%
lentokonesuihkuturbiinimoottoriapumekaanikkoaliupseerioppilas
0%
Megszentségteleníthetetlenségeskedéseitekért
0%
pinakanakakapagngitngitngitngitang-pagsisinungasinungalingan
0%
No matching quizzes found
Score Distribution
Percent of People with Each Score
Percentile by Number Answered
Your Score History
You have not taken this quiz